000
00294nam a22001337a 4500
008
210527b ||||| |||| 00| 0 eng d
041
_a
eng
080
_a
781
082
_a
781
100
_a
45
101
_a
MUZ
245
_a
The Larousse Encyclopedia of Music
_c
Hindley,G
942
_2
udc
_c
BK
999
_c
57666
_d
57666